Prueba de León - Estadísticas

Estadísticas generales
  • Esta prueba ha sido intentada 36 veces
  • La puntuación promedio es 11 de 16
Estadísticas de respuestas
Pregunta Respuesta % Correcto
Montañero, presentador y divulgador nacido en Fresno de La Vega y criado en Villanueva del Condado.Ha conquistado las Siete Cumbres y ha sido el tercer español en viajar al espacio. Jesús Calleja
97%
Segunda localidad más poblada de la provincia Ponferrada
94%
Club de fútbol de la capital de la provincia, además de haber disputado varias temporadas en Segunda División ha llegado a jugar en Primera División Cultural Leonesa
91%
Antigua explotación minera de origen romano en la comarca de El Bierzo, hoy paraje natural de gran atractivo turístico por sus montañas de arena rojiza rodeadas de bosque Las Médulas
91%
Región al oeste de la provincia, destaca por su minería y agricultura, su influencia gallega y por tener su propio movimiento separatista. El Bierzo
88%
Parque nacional compartido con Asturias y Cantabria, uno de los más importantes de Europa, famoso por sus lagos y paisajes de montaña y por ser hogar de lobos, osos o urogallos. Picos de Europa
88%
Producto de carne curada de vacuno, tiene como singularidad su ahumado Cecina de León
76%
Deporte de combate típico de la provincia Lucha Leonesa
70%
Grupo musical originario de León, compuesto por tres hermanos cuya propuesta consiste en mezclar rock n roll, bolero y ritmos latinos Café Quijano
61%
Localidad de origen prerromano, una de las más pobladas de la provincia, famosa por su ruta romana, su catedral y su palacio. Astorga
58%
Cómico, presentador, actor y locutor nacido en León. Conocido por sus imitaciones de otros personajes famosos. Dani Martínez
58%
Deportista nacida en Ponferrada, oro en Halterofilia en las Olimpiadas de Londres, plata en las de Pekín y bronce en Río de Janeiro; además de ser campeona del mundo en 2017 y 2018. Lydia Valentín
58%
Forma de organización militar del ejército romano que dio nombre tanto a la provincia como a la capital. Legión
42%
Cadena montañosa que separa dicha región de la provincia gallega de Lugo, reserva de la biosfera de alto valor ecológico. Sierra de Los Ancares
42%
En la provincia existe una modalidad particular de este popular juego Bolos
27%
Variedad de manzana con denominación de origen de la provincia Reineta
21%
No se encontraron pruebas coincidentes
Distribución de puntuación
Porcentaje de gente con cada puntuación
Porcentaje por número respondido
Historial de tus puntuaciones
No has intentado esta prueba.